| 000 | 00730nam a22002177a 4500 | ||
|---|---|---|---|
| 999 |
_c13749 _d13749 |
||
| 003 | AR-CdUCM | ||
| 008 | 190416b ||||| |||| 00| 0 spa d | ||
| 040 |
_aMUNICIPALIDAD PROVINCIAL DEL CUSCO _cBIBLIOTECA MUNICIPAL DEL CUSCO |
||
| 082 |
_a750.8 / _bT16 |
||
| 100 |
_aTalbot Rice, David _932278 |
||
| 245 | _aFescos Medievales Yugoeslavos / | ||
| 260 |
_aMéxico _bHermes, _c1963. |
||
| 300 |
_a24, 28 páginas ; _bilustraciones, láminas plegables, _c16 cm. |
||
| 440 |
_aUNESCO Hermes Bolsilleros de Arte. _n6 _932279 |
||
| 505 | _aContenido: Pinturas. | ||
| 650 |
_aPintura mural y decorativa _932280 |
||
| 650 |
_aYugoslavia _94186 |
||
| 650 |
_aÉpoca Medieval _94774 |
||
| 942 |
_2ddc _cLIBROS |
||
| 945 |
_aachl _d2019-04-16 |
||